| 000 | 00856nab a2200265 4500 | ||
|---|---|---|---|
| 003 | BR-BrBNA | ||
| 005 | 20260330225544.0 | ||
| 008 | 260330b bl.||||| |||| 00| 0 por d | ||
| 040 |
_aBR-BrBNA _bpor |
||
| 072 |
_aF01 ; Q02 ; E70 _b2110 ; 9917 |
||
| 100 | _aOndei, Vera | ||
| 245 |
_aA aposta no chocolate de luxo _bCapa |
||
| 500 | _a12 illus. | ||
| 650 | _aCACAU | ||
| 650 | _aPROCESSAMENTO | ||
| 650 | _aCHOCOLATE | ||
| 650 | _aAGREGAÇÃO DE VALOR | ||
| 650 | _aIDENTIFICAÇÃO | ||
| 650 | _aDENOMINAÇÃO DE ORIGEM | ||
| 650 | _aCONTROLE DE QUALIDADE | ||
| 650 | _aCOMERCIALIZAÇÃO | ||
| 773 | 0 |
_01706 _9348152 _dSão Paulo-SP Editora Três Ltda - E-mail: luizfsa@revistadinheiro.com.br 2004 _o2025-0641 _tDinheiro Rural (Brazil) _x1807-3700 _gv. 10(127) p. 32-39; (Jul 2015) _wBR2026000425 |
|
| 942 | _cANA | ||
| 999 |
_c341161 _d341161 |
||